000 01094cam a22002417a 4500
020 _a0309089336 (book)
020 _a0309511453 (PDF)
050 0 0 _aRJ 506
_b.P66L68
100 1 _aLoughry, Maryanne.
245 1 0 _aPsychosocial concepts in humanitarian work with children :
_ba review of the concepts and related literature /
_cMaryanne Loughry and Carola Eyber ; Roundtable on the Demography of Forced Migration, Committee on Population, National Research Council of the National Academies, and Program on Forced Migration and Health at the Mailman School of Public Health, Columbia University.
260 _aWashington, DC :
_bNational Academies Press,
_c2003.
300 _a 130 p. ;
650 0 _vBibliography.
650 0 _xPsychology
_vBibliography.
650 0 _xPsychological aspects
_vBibliography.
650 0 _xPsychological aspects.
650 0 _xSocial aspects.
650 2 _xpsychology
700 1 _aEyber, Carola.
856 4 1 _uhttp://www.loc.gov/catdir/toc/fy0609/2003282263.html
856 4 1 _uhttp://books.nap.edu/books/0309089336/html/index.html
942 _2lcc
_cGEN
999 _c6243
_d6243